=LDR 00000nam 2200000 4500 =001 000357 =005 20250710025238 =035 ##$$a 0010-0725000214 =007 ta =008 250710################a##########0#ind## =020 ##$$a 978-623-307-462-9 =082 ##$$a 398.209 598 =084 ##$$a 398.209 598 ACH m =100 #$$a Achutan kannal =245 1#$$a Mukhlis harus periksa darah /$c Kannal Achutan =250 ##$$a Cetakan pertama =260 ##$$a Rawamangun :$b Badan pengembangan dan pusat bahasa,$c 2022 =300 ##$$a 14 hlm. : $b Ilus. ; $c 21 cm =650 #4$$a Cerita anak indonesia-terjemahan =650 #4$$a Literasi-bahan bacaan =990 ##$$a TBM00750075